Financial Reporting and Analysis (Record no. 348943)

000 -LEADER
fixed length control field 00627 a2200205 4500
003 - CONTROL NUMBER IDENTIFIER
control field OSthttp://10.6.22.24:9001/cgi-bin/koha/cataloguing/addbiblio.pl?biblionumber=13570&op=#
005 - DATE AND TIME OF LATEST TRANSACTION
control field 20180116182934.0
008 - FIXED-LENGTH DATA ELEMENTS--GENERAL INFORMATION
fixed length control field 161108b xxu||||| |||| 00| 0 eng d
020 ## - INTERNATIONAL STANDARD BOOK NUMBER
International Standard Book Number 9781427736130
022 ## - INTERNATIONAL STANDARD SERIAL NUMBER
International Standard Serial Number 1427736138
040 ## - CATALOGING SOURCE
Transcribing agency 0
082 ## - DEWEY DECIMAL CLASSIFICATION NUMBER
Classification number 332 SCH 2012
100 ## - MAIN ENTRY--PERSONAL NAME
Personal name Schweser,Kaplan.
245 ## - TITLE STATEMENT
Title Financial Reporting and Analysis
Remainder of title CFA / 2012 Level 1.
Statement of responsibility, etc. Kaplan Schweser.
250 ## - EDITION STATEMENT
Edition statement Book 3.
260 ## - PUBLICATION, DISTRIBUTION, ETC.
Place of publication, distribution, etc. America.
Name of publisher, distributor, etc. Kaplan Schweser.
Date of publication, distribution, etc. 2011.
300 ## - PHYSICAL DESCRIPTION
Extent 333p.
500 ## - GENERAL NOTE
General note Paper cover
942 ## - ADDED ENTRY ELEMENTS (KOHA)
Institution code [OBSOLETE] NBS
Koha item type Book
Call number prefix 332 SCH
Source of classification or shelving scheme
Holdings
Withdrawn status Lost status Damaged status Not for loan Permanent Location Current Location Date acquired Total Checkouts Full call number Barcode Date last seen Price effective from Koha item type
        Central Library (CL) Central Library (CL) 08/28/2013   332 SCH NBSP-344 08/28/2013 08/28/2013 Book
© 2023 Central Library, National University of Sciences and Technology. All Rights Reserved.